| 000 | 01827cam a2200517 a 4500 | ||
|---|---|---|---|
| 001 | 20700 | ||
| 003 | VRT | ||
| 005 | 20260130110212.0 | ||
| 008 | 240318s1967 xo g 0100f slo | ||
| 015 | _aSNBA1967 | ||
| 020 | _q(viaz.) | ||
| 035 | _aSNK000358108 | ||
| 039 | 9 |
_a202512281843 _bcsnk01 _c202404301410 _dmsnk159 _c202404301408 _dmsnk159 _c202404291131 _dmsnk159 |
|
| 040 |
_aSNK _bslo _cSNK _dSVKBB _eAACR2 |
||
| 041 | 1 |
_aslo _heng |
|
| 044 |
_axo _cSK |
||
| 072 | 7 |
_a821.111-3 _xAnglická próza, anglicky písaná _2konspekt |
|
| 080 |
_a821.111-31=162.4 _22001 |
||
| 080 |
_a(0:82-312.4) _22011 |
||
| 100 | 1 |
_aCrofts, Freeman Wills, _d1879-1957 _4aut |
|
| 245 | 1 | 0 |
_aSud. Morská záhada _cFreeman Wills Crofts ; preložili Viera Šimová, Ivan Krčméry |
| 246 | 3 | 8 |
_aInšpektor French _n3 |
| 250 | _a1. vyd. | ||
| 260 |
_aBratislava _bSlovenský spisovateľ _c1967 |
||
| 300 |
_a525 s. _c21 cm |
||
| 366 | _e45000 výtl. | ||
| 490 | 1 | _aZelená knižnica | |
| 500 | _aPreložené z angličtiny | ||
| 500 | _aObsahuje 2 diela | ||
| 655 | 7 |
_aanglické romány _2SNKPH |
|
| 655 | 7 |
_adetektívne romány _2SNKPH |
|
| 700 | 1 |
_aŠimová, Viera _4trl |
|
| 700 | 1 |
_aKrčméry, Ivan, _d1921-1997 _4trl |
|
| 700 | 1 | 2 |
_aCrofts, Freeman Wills, _d1879-1957 _tThe Cask _lSlovensky |
| 700 | 1 | 2 |
_aCrofts, Freeman Wills, _d1879-1957 _tThe Sea mystery _lSlovensky |
| 740 | 0 | 2 | _aMorská záhada |
| 787 | 0 | 8 |
_iZo série: _tInšpektor French |
| 830 | 0 | _aZelená knižnica | |
| 942 |
_2ddc _cKLDO _n0 |
||
| 949 |
_62889068160 _asavukM 28872 |
||
| 949 |
_6273K0288030 _asvkpoA 64342 _bsvkpo148748 |
||
| 949 |
_617A0263945 _9P60, <05>, [BOOK], {605} _asnkSD 31556 D1 |
||
| 949 |
_617A0832682 _asnkSD 31556 _bsnkKSP 4891/67 |
||
| 949 |
_6270001000523910 _asvkbbS 14511 _bsvkbbm 166417 |
||
| 999 |
_c20700 _d20700 |
||